|
|
|
|
| LEADER |
00000nam0a2200000 4500 |
| 001 |
274837 |
| 005 |
20231101234751.0 |
| 020 |
|
|
|a RU
|b 85-67997
|
| 035 |
|
|
|a (RuTPU)RU\TPU\book\298066
|
| 090 |
|
|
|a 274837
|
| 100 |
|
|
|a 20141110d1985 km y0rusy5003 ca
|
| 101 |
0 |
|
|a rus
|
| 102 |
|
|
|a RU
|
| 105 |
|
|
|a a z 001zy
|
| 200 |
1 |
|
|a Адаптивные промышленные роботы и их применение в микроэлектронике
|f Ю. Д. Жаботинский, Ю. В. Исаев
|
| 210 |
|
|
|a Москва
|c Радио и связь
|d 1985
|
| 215 |
|
|
|a 105 с.
|c ил.
|
| 225 |
1 |
|
|a Массовая библиотека инженера "Электроника"
|v Вып. 48
|
| 320 |
|
|
|a Библиогр.: с. 101-105
|
| 606 |
1 |
|
|a Роботы адаптивные
|x Управление
|2 stltpush
|3 (RuTPU)RU\TPU\subj\25292
|9 49490
|
| 606 |
1 |
|
|a Микроэлектроника
|2 stltpush
|3 (RuTPU)RU\TPU\subj\43811
|9 63253
|
| 610 |
1 |
|
|a электроника
|
| 610 |
1 |
|
|a адаптивные промышленные роботы
|
| 610 |
1 |
|
|a построение
|
| 610 |
1 |
|
|a рецепторы
|
| 610 |
1 |
|
|a алгоритмы
|
| 610 |
1 |
|
|a сенсорная информация
|
| 610 |
1 |
|
|a обработка
|
| 610 |
1 |
|
|a манипуляторы
|
| 610 |
1 |
|
|a управление
|
| 610 |
1 |
|
|a применение
|
| 675 |
|
|
|a 621.865.8-529
|v 3
|
| 675 |
|
|
|a 621.382.049.77
|v 3
|
| 700 |
|
1 |
|a Жаботинский
|b Ю. Д.
|g Юрий данилович
|
| 701 |
|
1 |
|a Исаев
|b Ю. В.
|g Юрий Владимирович
|
| 801 |
|
0 |
|a RU
|b RuMRKP
|c 19950704
|g psbo
|
| 801 |
|
1 |
|a RU
|b 63413507
|c 20141110
|
| 801 |
|
2 |
|a RU
|b 63413507
|c 20170123
|g RCR
|
| 942 |
|
|
|c BK
|